O městech a lidech /

Uložené v:
Podrobná bibliografia
Hlavný autor: Hečková, Michaela, 1986- (Author)
Médium: Kniha
Jazyk:Czech
Vydané: Ústí nad Orlicí : Piána na ulici, 2016.
Vydanie:1. vydání
Témy:
ISBN: 9788027010165 (brož.)
Fyzický popis: 335 strán : fotografie, portréty ; 20 cm.
Tagy: Pridať tag
Žiadne tagy, Buďte prvý kto otaguje tento záznam!

MARC

LEADER 00000nam a2200000 a 4500
001 000572307
005 20180227075124.0
008 170421s2016 xr co e 000 0 cze d
020 |a 9788027010165 (brož.) 
040 |a SVKKK  |b slo  |c SVKKK  |e AACR2 
041 0 |a cze 
043 |a e-xr--- 
044 |a xr  |c CZ 
072 7 |a 316.7  |x Sociológia kultúry. Kultúrny život  |2 konspekt 
080 |a 316.334.56  |2 2011 
080 |a 316.7  |2 2011 
080 |a (437.3)  |2 2011 
080 |a (048.8)  |2 2011 
100 1 |a Hečková, Michaela,  |d 1986-  |4 aut 
245 1 0 |a O městech a lidech /  |c Michaela Hečková. 
250 |a 1. vydání 
260 |a Ústí nad Orlicí :  |b Piána na ulici,  |c 2016. 
300 |a 335 strán :  |b fotografie, portréty ;  |c 20 cm. 
500 |a Slovníček 
648 7 |a 21. stor.  |2 SVKKKPH 
650 0 7 |a mestá  |2 SVKKKPH 
650 0 7 |a kultúra  |2 SVKKKPH 
650 0 7 |a verejný priestor  |2 SVKKKPH 
651 7 |a Česko  |2 SVKKKPH 
655 7 |a prehľady  |2 SVKKKPH 
910 |a svkkk 
919 |a 978-80-270-1016-5 
998 |a BK 
090 |g SCKHL  |k Sklad Hlavná 10 prízemie  |a III.241969  |j 1087028  |i 2720518861  |s Absenčne